Statistics for Sydney City Trivia

Click here to take the quiz!

General Stats

  • This quiz has been taken 704 times
  • The average score is 12 of 20

Answer Stats

HintAnswer% Correct
Sydney is the capital of this Australian stateNew South Wales
96%
Major event hosted in 2000Summer Olympics
94%
Building designed by Jørn Utzon{Opera} House
85%
Beach with a reality showBondi Beach
83%
Animated movie about a father fish going for the rescue of his sonFinding Nemo
80%
Famous bridge nicknamed "The Coathanger"{Harbour} Bridge
80%
About 224,700 of the residents were born in this countryChina
76%
Sport played by South Sydney RabbitohsRugby league
75%
Mountain range that surrounds Sydney{Blue} Mountains
73%
Rock band that formed in Sydney in 1973AC/DC
67%
Sydney overlooks this seaTasman Sea
60%
Name of the 11 ships that arrived in Sydney from PortsmouthFirst Fleet
52%
Year in which they arrived1788
51%
Small oceanic bay located south of the Sydney central business district{Botany} Bay
50%
Australian Football Team of SydneySydney Swans
50%
Suburb in which the Sydney Airport is locatedMascot
46%
British Royal Navy officer who established a penal colony that later became SydneyArthur Phillip
31%
Lead singer of the above who died in 1980Bon Scott
25%
County of the above in which Sydney is located{Cumber}land
16%
At 12.4%, Sydney is the world's most populous city as a percentage of its _________Continent
13%

Score Distribution

Percentile by Number Answered

Percent of People with Each Score

Your Score History

You have not taken this quiz